000 01067nas a2200349 4500
001 BR6007950
003 BR-BrBNA
005 20231205082042.0
007 ta
008 230509b bl.|||p| |||| 00| 00por d
040 _aBR-BrBNA
_bpor
_cBiblioteca Nacional de Agricultura
041 _a(Pt)
072 _aL30
100 1 _aMedeiros Netto, G.R. de
100 1 _aPovoas, A.F.P.
100 1 _aAlmeida, F.S. de
100 1 _aGalvao, J.B.A.
100 1 _aPinheiro, E.J.D.
100 1 _aNeves, A.P.
245 1 _aSuplementacao proteica para novilhos de corte no Estado da Bahia [Mandioca; Algodao; Mamona; Ureia; Farelo; Brasil]
650 _aNOVILHO DE CORTE
650 _aMANDIOCA
650 _aALGODAO
650 _aMAMONA
650 _aUREIA
650 _aFARELO
650 _aSUPLEMENTO PROTEICO
650 _aBAHIA
773 0 _tArquivos da Escola de Medicina Veterinaria da Universidade Federal da Bahia (Brazil)
_xISSN 0100-2597
_g(1976), v. 1(1) p. 142-149
_wBR6007950
909 _a202311
_bLúcia
_c55
_dLúcia Elande
942 _2AGRIS
_n0
_cANA
999 _c88838
_d88838